Kartkówka z wiedzy ogólnej. #10 - Statystyki

Ogólne statystyki
  • Ten quiz został rozwiązany 24 razy
  • Średni wynik to 5 z 10
Statystyki odpowiedzi
Hint Odpowiedź % Poprawnych
Kto był pierwszym prezydentem Polski po zmianie ustrojowej w 1989 roku? Wojciech Jaruzelski
73%
W którym roku miał miejsce tzw. przewrót majowy J. Piłsudskiego, w wyniku którego władzę przejął obóz sanacyjny? 1926
64%
Kto jest autorem powieści "Biesy", "Idiota"? Fiodor Dostojewski
55%
W historii zimowych igrzysk olimpijskich Polacy mają tylko 4 mistrzów - Wojciecha Fortunę, Justynę Kowalczk, Kamila Stocha. Kto jest tym czwartym? Zbigniew Bródka
55%
W Polsce żyją dwa gatunki dzikich kotów: ryś oraz...? Żbik
55%
Jakie miasto jest najbardziej wysuniętą na południe stolicą na świecie? Wellington
45%
Jaki jedyny polski klub piłkarski wystąpił w finale europejskich pucharów? Górnik Zabrze
41%
Kto jest autorem obrazów "Alchemik Sędziwój", "Wernyhora"? Jan Matejko
32%
W Polsce żyją trzy gatunki (nie licząc epizodycznych pojawień szakala) dzikich psowatych: wilk, lis oraz...? Jenot
27%
Na jakiej szerokości geograficznej leżą równoleżniki, które wyznaczają koła podbiegunowe? Podaj wartość bez miejsc po przecinku. 66
14%
Nie znaleziono quizów pasujących do podanych kryteriów
Rozkład punktacji
Procent ludzi z każdym wynikiem
Percentyl według liczby udzielonych odpowiedzi
Twoja historia wyników
Nie rozwiązałeś tego quizu